000 00803 a2200217 4500
010 _aENG-88964
020 _a8170354544
_c800.00
035 _aEN-72497
037 _bD.B.Act / Pub
082 1 4 _a634.0468
090 _c9731
_d9731
245 1 0 _aPostharvest mangement and value addition/
_cedited by Ashwani K Goel, Rajinder Kumar [and] Satwinder S. Mann
260 _aNew Delhi
_bDaya Publishing House
_c2007
270 _a1123/74, Deva Ram Park, Tri Nagar
_bDelhi
_e110 035
_k011-27383999
_l011-23244987
_mdayabooks@vsnl.com
300 _axi, 317 p.
_c23 cm (Hb)
500 _aIncludes index.
700 1 _aRajinder Kumar
700 1 _aMann, Satwinder S.
942 _adpl
_cEN
_k634.0468 / GOE
999 _c9553
_d9553